عرض عادي
عرض مارك
- Communication in management.
مدخل مصطلح موضوعي
001 - رقم الضبط
- حقل الضبط: 18529
003 - معرف رقم الضبط
- حقل الضبط: OSt
005 - تاريخ ووقت أخر عملية
- حقل الضبط: 20121225205154.0
008 - عناصر بيانات ثابتة الطول
- حقل تحكم ثابت الطول: 121225|||a|||||| | ||| d
040 ## - مصدر الفهرسة
- هيئة الفهرسة الأصلية: OSt
- وكالة الكتابة: OSt
150 ## - مدخل-- مصطلح تاريخي
- عنصر مدخل المصطلح الموضوعي او الاسم الجغرافي: Communication in management.
670 ## - بيانات المصدر موجوده
- الاستشهاد بالمصدر: Work cat.: (OSt)0: Barrett, Deborah, 1949- 18528, Leadership communication /, c2011.
